| 000 | 00882nam a2200229 i 4500 | ||
|---|---|---|---|
| 001 | bg | ||
| 100 | 1 | _aKORALEWSKI, Mieczysław | |
| 245 | 1 | 0 |
_aAnaliza logiczna funkcji produkcji a rozwój teorii zarządzania produkcją / _cMieczysław Koralewski. |
| 260 |
_aSzczecin : _bWydaw. Uczelniane PS, _c2000. |
||
| 300 |
_a195, [2] s. : _brys., wykr. ; _c24 cm. |
||
| 490 | 1 |
_aPrace Naukowe Politechniki Szczecińskiej. Instytut Technologii Mechanicznej, _x0239-975X ; _vnr 16 |
|
| 500 | _aNr serii gł. : 555. - Streszcz. ang., ros. | ||
| 504 | _aBibliogr. s. 173-183. | ||
| 650 | 9 |
_aProdukcja _xzarządzanie _xteoria |
|
| 650 | 9 |
_aLogika _xzagadnienia |
|
| 830 | 0 |
_aPrace Naukowe Politechniki Szczecińskiej. _pInstytut Technologii Mechanicznej |
|
| 040 | _cBPK | ||
| 041 | 0 |
_apl _benru |
|
| 080 | _a658.5.012:164:330.4 | ||
| 942 | _cKS | ||
| 008 | s pl f |000 0 pol | ||
| 999 |
_c40904 _d40904 |
||
| 856 |
_uhttp://koha.tu.koszalin.pl/cgi-bin/koha/opac-detail.pl?biblionumber=40904 _yKatalog online BPK |
||